logo

Bir Sreshtho Munshi Abdur Rouf Library
Jhenaidah Cadet College

কৃষ্ঞকলি আমি তারে বলি / (Record no. 919)

MARC details
000 -LEADER
fixed length control field 00674nam a2200229 a 4500
001 - CONTROL NUMBER
JCCL Control Number 919
003 - CONTROL NUMBER IDENTIFIER
JCCL marc code BD-JhCC
005 - DATE AND TIME OF LATEST TRANSACTION
control field 20171011164400.0
008 - FIXED-LENGTH DATA ELEMENTS--GENERAL INFORMATION
fixed length control field 171011s1998 bg |||| ||a| 000 0 ben d
020 ## - INTERNATIONAL STANDARD BOOK NUMBER
International Standard Book Number 984800422x
035 ## - SYSTEM CONTROL NUMBER
system control number (BD-JhCC) 919
040 ## - CATALOGING SOURCE
Original cataloging agency BD-JhCC
Modifying agency BD-JhCC
041 ## - LANGUAGE CODE
Language code of Book ben891.443
082 ## - DEWEY DECIMAL CLASSIFICATION NUMBER
Classification number 1701
Author mark and Year MUN 1998
245 ## - TITLE STATEMENT
Title কৃষ্ঞকলি আমি তারে বলি /
Statement of responsibility, etc সিরাজুল ইসলাম মুনির
260 ## - PUBLICATION, DISTRIBUTION, ETC. (IMPRINT)
Place of publication, distribution, etc ঢাকা:
Name of publisher, distributor, etc ঢাকা প্রকাশনী,
Date of publication, distribution, etc 1998
300 ## - PHYSICAL DESCRIPTION
Pagination 56 p.:
Dimensions 22 cm.
650 ## - SUBJECT ADDED ENTRY--TOPICAL TERM
Topical term or geographic name as entry element Bengali Novel
651 ## - SUBJECT ADDED ENTRY--GEOGRAPHIC NAME
Geographic name Bangladesh
942 ## - ADDED ENTRY ELEMENTS (KOHA)
Source of classification or shelving scheme Dewey Decimal Classification
Koha item type Books
Holdings
Source of classification or shelving scheme Damaged status Not for loan Home library Current library Shelving location Date of accession Cost, normal purchase price Total Checkouts Full call number Barcode Date last seen Copy number Koha item type
Dewey Decimal Classification     JCC Rouf Library JCC Rouf Library General Stacks 10/11/2017 40.00   1701 MUN 1998 1701 10/11/2017 C-1 Books

JCC Library | Contacts | JCC Home

Last Update on 23 September 2017
Copyright @ 2017-2020 JCC Rouf Library
Rouf Library, Jhenidah Cadet College (JCC), Bangladesh